| 000 | 00705cam a22002293a 4500 | ||
|---|---|---|---|
| 001 | 19327 | ||
| 003 | PGUSA | ||
| 005 | 20140828083417.0 | ||
| 008 | 060919s2006||||xxu|||||s|||||000 | eng d | ||
| 040 |
_aPGUSA _beng |
||
| 042 | _adc | ||
| 050 | 4 | _aDT | |
| 100 | 1 |
_aLejean, Guillaume, _d1824-1871 |
|
| 245 | 1 | 0 |
_aReize in Taka (Opper-Nubiƫ) : _bDe Aarde en haar Volken, 1873 _h[electronic resource] / _cGuillaume Lejean |
| 260 |
_bProject Gutenberg, _c2006 |
||
| 506 | _aPublic domain in the USA. | ||
| 516 | _aElectronic text | ||
| 653 | _aKassala (Sudan : Province) -- Description and travel | ||
| 830 | 0 |
_aProject Gutenberg _v19327 |
|
| 856 | 4 | 0 | _uhttp://www.gutenberg.org/ebooks/19327 |
| 942 | _cEB | ||
| 999 |
_c248582 _d248582 |
||